<?xml version="1.0" encoding="UTF-8"?>
<record
    xmlns:xsi="http://www.w3.org/2001/XMLSchema-instance"
    xsi:schemaLocation="http://www.loc.gov/MARC21/slim http://www.loc.gov/standards/marcxml/schema/MARC21slim.xsd"
    xmlns="http://www.loc.gov/MARC21/slim">

  <leader>01536nam a22003257a 4500</leader>
  <controlfield tag="001"> </controlfield>
  <controlfield tag="003">DO-SdBNP</controlfield>
  <controlfield tag="005">20220819111117.0</controlfield>
  <controlfield tag="007"> </controlfield>
  <controlfield tag="008">161018b 2010 sp  |||| 00| 0 spa d</controlfield>
  <datafield tag="020" ind1=" " ind2=" ">
    <subfield code="a"> 9789587053364</subfield>
  </datafield>
  <datafield tag="040" ind1=" " ind2=" ">
    <subfield code="a">BPMSU</subfield>
    <subfield code="b">spa</subfield>
    <subfield code="c">BPMSU</subfield>
  </datafield>
  <datafield tag="082" ind1=" " ind2=" ">
    <subfield code="a">R928.03 </subfield>
    <subfield code="b">G748d</subfield>
    <subfield code="2">22</subfield>
  </datafield>
  <datafield tag="245" ind1="0" ind2="0">
    <subfield code="a">Gran diccionario de autores latinoamericanos de literatura infantil y juvenil / </subfield>
    <subfield code="b"> </subfield>
    <subfield code="c">Jaime Garc&#xED;a Padrino, coord ; proyecto editorial y direcci&#xF3;n Jos&#xE9; Luis Cort&#xE9;s Salinas ;redacci&#xF3;n Manuel Pe&#xF1;a Mu&#xF1;oz...[et.al.]</subfield>
  </datafield>
  <datafield tag="260" ind1=" " ind2=" ">
    <subfield code="a">Madrid : </subfield>
    <subfield code="b">Fundaci&#xF3;n SM,  </subfield>
    <subfield code="c"> 2010</subfield>
  </datafield>
  <datafield tag="300" ind1=" " ind2=" ">
    <subfield code="a">959 p. ; </subfield>
    <subfield code="b">27 cm.</subfield>
  </datafield>
  <datafield tag="500" ind1=" " ind2=" ">
    <subfield code="a">Incluye &#xED;ndice.</subfield>
  </datafield>
  <datafield tag="520" ind1=" " ind2=" ">
    <subfield code="2">Este diccionario presenta, el "qui&#xE9;n es qui&#xE9;n" en la literatura infantil y juvenil de Latinoam&#xE9;rica, pasando por todos y cada uno de los pa&#xED;ses de habla hispana y portuguesa, desde los or&#xED;genes de la LIJ hasta nuestros d&#xED;as. De cada autor se recoge la biograf&#xED;a, un an&#xE1;lisis de las principales obras y noticia del resto, y un juicio cr&#xED;tico.</subfield>
  </datafield>
  <datafield tag="590" ind1=" " ind2=" ">
    <subfield code="6">Inventariado, 2022/VM</subfield>
  </datafield>
  <datafield tag="650" ind1=" " ind2=" ">
    <subfield code="a">Literatos </subfield>
    <subfield code="v">Biografias</subfield>
    <subfield code="v">Diccionarios </subfield>
  </datafield>
  <datafield tag="650" ind1=" " ind2="4">
    <subfield code="a">Autores </subfield>
    <subfield code="v">Biograf&#xED;as </subfield>
    <subfield code="v">Diccionarios </subfield>
  </datafield>
  <datafield tag="650" ind1=" " ind2="4">
    <subfield code="a">Autores latinoamericanos</subfield>
    <subfield code="v">Diccionarios</subfield>
    <subfield code="v">Biograf&#xED;as.</subfield>
  </datafield>
  <datafield tag="650" ind1=" " ind2="4">
    <subfield code="a">Literatura infantil latinoamericana</subfield>
    <subfield code="x">Historia y critica </subfield>
    <subfield code="v">Diccionarios.</subfield>
  </datafield>
  <datafield tag="700" ind1="1" ind2=" ">
    <subfield code="a"> Garc&#xED;a Padrino, Jaime, </subfield>
    <subfield code="e">coord. </subfield>
  </datafield>
  <datafield tag="700" ind1="1" ind2=" ">
    <subfield code="a">Cort&#xE9;s Salinas, Jos&#xE9; Luis </subfield>
    <subfield code="e">ed. </subfield>
  </datafield>
  <datafield tag="700" ind1="1" ind2=" ">
    <subfield code="a"> Pe&#xF1;a Mu&#xF1;oz, Manuel</subfield>
    <subfield code="e">redacci&#xF3;n </subfield>
  </datafield>
  <datafield tag="710" ind1="2" ind2=" ">
    <subfield code="a">Fundaci&#xF3;n SM</subfield>
  </datafield>
  <datafield tag="910" ind1=" " ind2=" ">
    <subfield code="a">VMateo V. </subfield>
  </datafield>
  <datafield tag="942" ind1=" " ind2=" ">
    <subfield code="2">ddc</subfield>
    <subfield code="c">BK</subfield>
  </datafield>
  <datafield tag="952" ind1=" " ind2=" ">
    <subfield code="0">0</subfield>
    <subfield code="1">0</subfield>
    <subfield code="2">ddc</subfield>
    <subfield code="4">0</subfield>
    <subfield code="7">0</subfield>
    <subfield code="8">CR-G</subfield>
    <subfield code="a">BPMET</subfield>
    <subfield code="b">BPMET</subfield>
    <subfield code="d">2022-08-19</subfield>
    <subfield code="e">SM</subfield>
    <subfield code="o">BPMSU CDR R928.03  G748d 2010</subfield>
    <subfield code="p">BPMSU22080001</subfield>
    <subfield code="r">2022-08-19</subfield>
    <subfield code="w">2022-08-19</subfield>
    <subfield code="y">BK</subfield>
  </datafield>
  <datafield tag="952" ind1=" " ind2=" ">
    <subfield code="0">0</subfield>
    <subfield code="1">0</subfield>
    <subfield code="2">ddc</subfield>
    <subfield code="4">0</subfield>
    <subfield code="7">0</subfield>
    <subfield code="8">CR-G</subfield>
    <subfield code="a">BPMET</subfield>
    <subfield code="b">BPMET</subfield>
    <subfield code="d">2022-08-19</subfield>
    <subfield code="e">SM</subfield>
    <subfield code="o">BPMSU CDR R928.03  G748d</subfield>
    <subfield code="p">BPMSU22080002</subfield>
    <subfield code="r">2022-08-19</subfield>
    <subfield code="t">e.2</subfield>
    <subfield code="w">2022-08-19</subfield>
    <subfield code="y">BK</subfield>
  </datafield>
  <datafield tag="999" ind1=" " ind2=" ">
    <subfield code="c">14234</subfield>
    <subfield code="d">14234</subfield>
  </datafield>
</record>
